| 000 | 00578nam a2200133 a 4500 | ||
|---|---|---|---|
| 008 | 120416s9999 xx |||||||||||||| || u | ||
| 050 | _aNA 9031 Mac | ||
| 100 | _aMcLoughlin, J. Brian | ||
| 245 | 1 | 0 | _aUrban and regional planning |
| 246 | _aa system approach | ||
| 350 | _a0.00 | ||
| 995 |
_aBINDERY (DAMAGED) _D0.00 _e706273 _FCBU-MAIN LIBRARY (Kitwe) _H1 _I0.00 _jNA 9031 Mac _M1 _UDAMAGED _y010636 _ZMain Library Open Access Collection |
||
| 995 |
_aBINDERY (DAMAGED) _D0.00 _e704017 _FCBU-MAIN LIBRARY (Kitwe) _H2 _I0.00 _jNA 9031 Mac _M2 _UDAMAGED _y010637 _ZMain Library Open Access Collection |
||
| 999 |
_c78546 _d78546 |
||